000 00352nam a2200145Ia 4500
008 230312s9999||||xx |||||||||||||| ||und||
020 _a9780781764049
082 _a611
_bSNE-C
245 0 _aClinical Anatomy by Regions
260 _bLippincott Williams
_aNew York
_c2004
300 _a626
546 _aEng.
650 _aMedical
_vAnatomy
942 _cBK
999 _c1861
_d1861